Central Library OPAC University of Rajshahi
Normal view MARC view

Entry Personal Name

Number of records used in: 4

001 - CONTROL NUMBER

  • control field: 5866

003 - CONTROL NUMBER IDENTIFIER

  • control field: BD-RjUL

005 - DATE AND TIME OF LATEST TRANSACTION

  • control field: 20221116102452.0

008 - FIXED-LENGTH DATA ELEMENTS

  • fixed length control field: 221116|| aca||aabn | a|a d

040 ## - CATALOGING SOURCE

  • Original cataloging agency: BD-RjUL
  • Transcribing agency: BD-RjUL

100 ## - HEADING--PERSONAL NAME

  • Personal name: Zaman, M. Co-Supervisor

670 ## - SOURCE DATA FOUND

  • Source citation: Work cat.: (BD-RjUL)80785: ALAM, ASHRAFUL 5863, ASSESSMENT OF WATER POLLUTION AND ITS IMPACT ON FISHERIES RESOURCES OF POSNA BEEL. KALIHATI, TANGAIL :, 2006